Famous Inter Milan Footballers by Picture - Statistics

General Stats
  • This quiz has been taken 540 times
  • The average score is 22 of 30
Answer Stats
Picture Answer % Correct
Ronaldo
100%
Samuel Eto'o
96%
Zlatan Ibrahimović
96%
Romelu Lukaku
94%
Lautaro Martínez
92%
Alexis Sánchez
90%
Luís Figo
87%
Javier Zanetti
86%
Ivan Perišić
85%
Mauro Icardi
85%
Wesley Sneijder
85%
Nicolò Barella
80%
Adriano
79%
Hakan Çalhanoğlu
78%
Edin Džeko
77%
Júlio César
77%
Hernán Crespo
76%
Samir Handanović
76%
Alessandro Bastoni
73%
Lothar Matthäus
71%
Diego Milito
70%
Milan Škriniar
69%
Esteban Cambiasso
58%
Lúcio
56%
Christian Vieri
55%
Marco Materazzi
54%
Maicon
50%
Jürgen Klinsmann
46%
Iván Córdoba
44%
Dejan Stanković
33%
No matching quizzes found
Score Distribution
Percent of People with Each Score
Percentile by Number Answered
Your Score History
You have not taken this quiz